000 00235nam a2200097Ia 4500
008 191206s9999 xx 000 0 und d
020 _a63887703
090 _aQP34.5.T67
245 0 _aPrinciples of anatomy and physiology
260 _cc1940
999 _c16733
_d16733